[Event "22nd ch-EUR Indiv 2022"]
[Site "Terme Catez SLO"]
[Date "2022.03.31"]
[Round "5.139"]
[White "Redzisz, Michal"]
[Black "Ghita, Vlad-Bogdan"]
[Result "1/2-1/2"]
[WhiteTitle "FM"]
[WhiteElo "2223"]
[BlackElo "1981"]
[WhiteFideId "21816107"]
[BlackFideId "1222198"]
[EventDate "2022.03.27"]

1. d4 c5 2. d5 Nf6 3. Nc3 e5 4. e4 d6 5. a4 Be7 6. Bb5+ Nbd7 7. Nf3 O-O 8. O-O
Ne8 9. Nd2 g6 10. Nc4 Bg5 11. f4 Bxf4 12. Bxf4 exf4 13. Rxf4 Ne5 14. Bxe8 Qg5
15. Qf1 Nxc4 16. Bxf7+ Kg7 17. Qf2 Qe5 18. Rf1 Bd7 19. b3 Na3 20. Nd1 b5 21.
axb5 Nxb5 22. Be6 Rxf4 23. Qxf4 Qxf4 24. Rxf4 Bxe6 25. dxe6 Rf8 26. Rxf8 Kxf8
27. c3 a5 28. Kf2 Ke7 29. Ke3 Kxe6 30. Kd3 Na7 1/2-1/2

[Event "22nd ch-EUR Indiv 2022"]
[Site "Terme Catez SLO"]
[Date "2022.03.31"]
[Round "5.140"]
[White "Lozynskyi, Bohdan"]
[Black "Spacapan, Simon"]
[Result "1-0"]
[WhiteElo "2201"]
[BlackElo "1966"]
[WhiteFideId "14182602"]
[BlackFideId "14612461"]
[EventDate "2022.03.27"]

1. e4 c5 2. Be2 Nc6 3. f4 g6 4. Nf3 Bg7 5. O-O d6 6. c3 Nf6 7. d3 O-O 8. Kh1 b6
9. Be3 Bb7 10. Nbd2 e6 11. d4 cxd4 12. cxd4 Rc8 13. Rc1 Qd7 14. a3 Ne7 15. Bd3
Rxc1 16. Qxc1 Rc8 17. Qe1 Ng4 18. Bg1 f5 19. Qe2 d5 20. e5 Nh6 21. Bf2 Nf7 22.
Bh4 h6 23. Rg1 Nh8 24. Bxe7 Qxe7 25. g4 Bc6 26. Qf2 Be8 27. Nh4 Kh7 28. gxf5
gxf5 29. Nxf5 1-0

[Event "22nd ch-EUR Indiv 2022"]
[Site "Terme Catez SLO"]
[Date "2022.03.31"]
[Round "5.141"]
[White "Herega, Nejc"]
[Black "Arsenie, Cristian Marc"]
[Result "1-0"]
[WhiteElo "2185"]
[BlackElo "1952"]
[WhiteFideId "14634058"]
[BlackFideId "1345923"]
[EventDate "2022.03.27"]

1. d4 Nf6 2. c4 e6 3. Nc3 Bb4 4. e3 O-O 5. Bd2 c5 6. Nf3 cxd4 7. exd4 b6 8. Bd3
Ba6 9. a3 Be7 10. Bg5 Nc6 11. b4 Bb7 12. O-O d5 13. c5 bxc5 14. dxc5 h6 15. Bh4
Ne4 16. Bxe7 Nxe7 17. Bxe4 dxe4 18. Nd4 a6 19. Nb3 Bd5 20. Na5 Ng6 21. Qd2 Qh4
22. Nxd5 Rad8 23. g3 Qg4 24. Ne3 Qf3 25. Qc2 Rd5 26. Nxd5 Nh4 27. Ne3 f5 28. Qd1
f4 29. gxh4 Qh3 30. Qg4 Qxg4+ 31. Nxg4 h5 32. Ne5 f3 33. Nac4 Rf4 34. c6 1-0

[Event "22nd ch-EUR Indiv 2022"]
[Site "Terme Catez SLO"]
[Date "2022.03.31"]
[Round "5.142"]
[White "Borisek, Anze"]
[Black "Kanyamarala, Trisha"]
[Result "1/2-1/2"]
[BlackTitle "WIM"]
[WhiteElo "1905"]
[BlackElo "2180"]
[WhiteFideId "14608693"]
[BlackFideId "45004722"]
[EventDate "2022.03.27"]

1. f4 d5 2. d4 g6 3. Nf3 Bg7 4. e3 c5 5. c3 Qc7 6. Bd3 Nh6 7. Nbd2 Bf5 8. Qe2
Bxd3 9. Qxd3 O-O 10. O-O Nc6 11. dxc5 Rad8 12. Nb3 e5 13. e4 Rfe8 14. fxe5 dxe4
15. Qxe4 Nxe5 16. Bf4 f5 1/2-1/2

[Event "22nd ch-EUR Indiv 2022"]
[Site "Terme Catez SLO"]
[Date "2022.03.31"]
[Round "5.143"]
[White "Tribushnaya, Olga"]
[Black "Wecker, Martin"]
[Result "0-1"]
[WhiteElo "1716"]
[BlackElo "2180"]
[WhiteFideId "14123045"]
[BlackFideId "12931462"]
[EventDate "2022.03.27"]

1. e4 c5 2. Nf3 Nc6 3. c3 Nf6 4. e5 Nd5 5. d4 cxd4 6. cxd4 d6 7. Bc4 dxe5 8.
Nxe5 e6 9. Nxc6 bxc6 10. O-O Bd6 11. Nd2 O-O 12. Ne4 Bxh2+ 13. Kxh2 Qh4+ 14. Kg1
Qxe4 15. Bd3 Qh4 16. g3 Qh3 17. Be4 f5 18. Bg2 Qg4 19. Qxg4 fxg4 20. Bxd5 exd5
21. Be3 Rb8 22. b3 Bf5 23. Rfc1 Rb6 24. Rc3 h6 25. Rac1 Rc8 26. Kh2 Ra6 27. Ra1
g5 28. a4 Rb6 29. Kg2 Be4+ 30. Kf1 Kf7 31. Kg1 Bf5 32. Kg2 Bd7 33. f4 gxf3+ 34.
Kxf3 Rcb8 35. Rb1 Rb4 36. a5 R4b5 37. Bd2 Kg6 38. g4 Rf8+ 39. Kg3 Re8 40. Re1
Rbb8 41. Rxe8 Rxe8 42. Re3 Re4 43. Rxe4 dxe4 44. a6 Be6 45. Bb4 Bxb3 46. Bc5 Bc4
47. Bxa7 Bxa6 48. Bc5 e3 49. Kf3 e2 50. Bb4 Bc4 51. Kg3 h5 52. gxh5+ Kxh5 53.
Be1 Bb3 54. Kf3 Bd1 55. Kg3 Kg6 56. Kg4 Kf6 57. Kg3 Bb3 58. Kf3 Bd1 59. Kg3 Ke6
60. Kf3 Kd5 61. Ke3 Ba4 62. Bd2 Bb5 63. Be1 Ba6 64. Bd2 g4 65. Be1 Kc4 66. Kxe2
Kxd4+ 67. Kd2 Ke4 68. Kc3 Kf3 0-1

[Event "22nd ch-EUR Indiv 2022"]
[Site "Terme Catez SLO"]
[Date "2022.03.31"]
[Round "5.144"]
[White "Monpeurt, Cyrielle"]
[Black "Franco, Alessandro P."]
[Result "1-0"]
[WhiteTitle "WFM"]
[WhiteElo "2156"]
[BlackElo "1848"]
[WhiteFideId "677400"]
[BlackFideId "865923"]
[EventDate "2022.03.27"]

1. e4 d5 2. exd5 Nf6 3. d4 Bg4 4. f3 Bf5 5. Bb5+ Nbd7 6. c4 e6 7. dxe6 Bxe6 8.
d5 Bf5 9. Nc3 Qe7+ 10. Qe2 O-O-O 11. Qxe7 Bxe7 12. Nge2 Ne5 13. O-O a6 14. Ba4
Nxc4 15. Bb3 Bc5+ 16. Kh1 Ne3 17. Bxe3 Bxe3 18. Ng3 Bg6 19. Nge4 Nxe4 20. fxe4
f6 21. Rfe1 Bd4 22. Bd1 Rhe8 23. Bg4+ Kb8 24. Be6 b5 25. Rac1 Be5 26. a4 c6 27.
axb5 cxb5 28. Ra1 Kb7 29. Ra5 b4 30. Na4 Bd4 31. Rc1 Bxe4 32. Nc5+ Bxc5 33.
Raxc5 Re7 34. Kg1 Rd6 35. R1c4 Bd3 36. Rxb4+ Bb5 37. Rb3 Kb6 38. Rbc3 h6 39. Rc8
Bd7 40. Rb3+ Bb5 41. Rg3 Bd7 42. Rb3+ Bb5 43. Rbc3 Be8 44. Rb8+ Ka7 45. Rcc8 Bd7
46. Ra8+ Kb7 47. Rcb8+ Kc7 48. Rf8 Rb6 49. Ra7+ Rb7 50. d6+ Kxd6 51. Rxb7 Rxe6
52. Rd8 Re7 53. Ra7 h5 54. Rxa6+ Kc7 55. Rda8 Re2 56. R8a7+ Kc8 57. Rd6 Bb5 58.
Rxg7 Rxb2 59. h3 Rb1+ 60. Kh2 Rf1 61. Rf7 Be2 62. Rdxf6 Rxf6 63. Rxf6 Kd7 64.
Kg3 Ke7 65. Rf2 1-0

[Event "22nd ch-EUR Indiv 2022"]
[Site "Terme Catez SLO"]
[Date "2022.03.31"]
[Round "5.145"]
[White "Krzywda, Andrzej"]
[Black "Lauda, Alexandr"]
[Result "1/2-1/2"]
[WhiteTitle "CM"]
[WhiteElo "2152"]
[BlackElo "1789"]
[WhiteFideId "1114565"]
[BlackFideId "13903179"]
[EventDate "2022.03.27"]

1. d4 d5 2. Nf3 Nf6 3. c4 e6 4. g3 Be7 5. Bg2 O-O 6. O-O dxc4 7. Qc2 b5 8. a4 b4
9. Nfd2 c6 10. Nxc4 Qxd4 11. Rd1 Qc5 12. Be3 Qh5 13. Nbd2 Ba6 14. Rac1 Nd5 15.
Bf3 Qg6 16. Qxg6 hxg6 17. Nb3 Nd7 18. Nca5 Ne5 19. Nxc6 Nxf3+ 20. exf3 Bf6 21.
Rd2 Rfc8 22. Nbd4 Bb7 23. Rdc2 a5 24. Rc5 Bxc6 25. Rxc6 Rd8 26. R1c4 Nxe3 27.
fxe3 Bxd4 28. exd4 Rd5 29. Kf2 Rad8 30. Ke3 e5 31. dxe5 Rxe5+ 32. Re4 Red5 33.
Ra6 Rd3+ 34. Kf2 R8d5 35. Ra8+ Rd8 36. Rxa5 Rb3 37. Re2 Rd1 38. Ra8+ Kh7 39. Ra7
f5 40. a5 Rb1 41. h4 R1xb2 42. Rxb2 Rxb2+ 43. Ke3 Rb3+ 44. Kf4 Ra3 45. Rb7 Rxa5
46. Rxb4 Rc5 47. Kg5 Ra5 48. Rc4 Rb5 49. Rd4 Ra5 50. Rb4 Rc5 51. Rf4 Ra5 52. h5
gxh5 53. Rxf5 Rxf5+ 54. Kxf5 Kh6 55. f4 h4 56. gxh4 Kh5 57. Ke6 Kxh4 58. Kf7 Kg4
59. Kxg7 Kxf4 1/2-1/2

[Event "22nd ch-EUR Indiv 2022"]
[Site "Terme Catez SLO"]
[Date "2022.03.31"]
[Round "5.146"]
[White "Veleski, Robert"]
[Black "Zlatanovic, Marcus"]
[Result "1-0"]
[WhiteTitle "FM"]
[WhiteElo "2136"]
[BlackElo "1680"]
[WhiteFideId "15001008"]
[BlackFideId "14626195"]
[EventDate "2022.03.27"]

1. c4 Nf6 2. Nc3 d5 3. cxd5 Nxd5 4. Nf3 g6 5. e4 Nxc3 6. dxc3 Qxd1+ 7. Kxd1 Bg7
8. Bf4 c5 9. Bc4 Nc6 10. Kc2 O-O 11. Rhd1 b6 12. h3 Bb7 13. Rd7 Na5 14. Rxe7 Bf6
15. Rxb7 Nxb7 16. Bd5 Na5 17. Bxa8 Rxa8 18. Rd1 Rd8 19. Bc7 Rxd1 20. Kxd1 Nc6
21. Kc2 Kf8 22. Kd3 Ke7 23. Kc4 Kd7 24. Bf4 a6 25. Ng5 Bxg5 26. Bxg5 Ke6 27. Bf4
Na5+ 28. Kd3 b5 29. Be3 Nb7 30. f4 h5 31. g4 hxg4 32. hxg4 a5 33. c4 b4 34. Bf2
a4 35. f5+ gxf5 36. gxf5+ Kd7 37. e5 Kc6 38. Bh4 Na5 39. e6 fxe6 40. f6 1-0

[Event "22nd ch-EUR Indiv 2022"]
[Site "Terme Catez SLO"]
[Date "2022.03.31"]
[Round "5.147"]
[White "Hommer, Jeremy"]
[Black "Henseler, Jorgen"]
[Result "1-0"]
[WhiteElo "2221"]
[BlackElo "2059"]
[WhiteFideId "12992577"]
[BlackFideId "1023233"]
[EventDate "2022.03.27"]

1. e4 c5 2. Nf3 d6 3. Bb5+ Nd7 4. O-O a6 5. Bd3 Ngf6 6. Re1 g6 7. c3 Bg7 8. Bf1
e5 9. d4 Qc7 10. dxe5 dxe5 11. a4 O-O 12. Na3 Nb8 13. h3 Nc6 14. Qc2 b6 15. Be3
Bb7 16. Nd2 Rac8 17. Nac4 Nd4 18. Qb1 Ne6 19. b4 Rfd8 20. Ra2 Bc6 21. bxc5 bxc5
22. Nb6 Rb8 23. a5 Nd7 24. Rb2 Nxb6 25. axb6 Qb7 26. f3 a5 27. Bc4 Nf4 28. Bxc5
Qc8 29. Qa2 Rb7 30. Qxa5 Bh6 31. Be3 Bd7 32. Ba6 Bxh3 33. Bxb7 Qe6 34. Bd5 Qf6
35. b7 Rb8 36. Qc7 Qg5 37. Qxb8+ Kg7 38. Qxe5+ Qxe5 39. Bd4 1-0

[Event "22nd ch-EUR Indiv 2022"]
[Site "Terme Catez SLO"]
[Date "2022.03.31"]
[Round "5.148"]
[White "Bashylina, Luisa"]
[Black "Roebers, Jan"]
[Result "1/2-1/2"]
[WhiteTitle "WFM"]
[BlackTitle "FM"]
[WhiteElo "2043"]
[BlackElo "2156"]
[WhiteFideId "12983292"]
[BlackFideId "1007815"]
[EventDate "2022.03.27"]

1. d4 Nf6 2. c4 d6 3. Nc3 g6 4. e4 Bg7 5. h4 Nc6 6. Nge2 O-O 7. f3 e5 8. d5 Nd4
9. Be3 c5 10. dxc6 bxc6 11. Nxd4 exd4 12. Bxd4 d5 13. cxd5 cxd5 14. Nxd5 Bb7 15.
Nxf6+ Bxf6 16. Bxf6 Qxf6 17. Be2 Rfd8 18. Qb3 Qd4 19. Qc3 Qb6 20. Qb3 Qd4 21.
Qc3 Qb6 22. Qb3 1/2-1/2

[Event "22nd ch-EUR Indiv 2022"]
[Site "Terme Catez SLO"]
[Date "2022.03.31"]
[Round "5.149"]
[White "Varney, Zoe"]
[Black "Lorscheid, Gerhard"]
[Result "0-1"]
[WhiteTitle "WCM"]
[BlackTitle "FM"]
[WhiteElo "1998"]
[BlackElo "2150"]
[WhiteFideId "436135"]
[BlackFideId "4606000"]
[EventDate "2022.03.27"]

1. e4 d6 2. d4 Nf6 3. Nc3 e5 4. Nf3 exd4 5. Nxd4 Be7 6. Bf4 O-O 7. Qd2 Nc6 8.
O-O-O Nxd4 9. Qxd4 Be6 10. f3 a6 11. g4 b5 12. h4 c5 13. Qe3 b4 14. Na4 Qc7 15.
b3 Nd7 16. g5 c4 17. h5 Qa5 18. Bxd6 Bxd6 19. Rxd6 Rfc8 20. Rd4 cxb3 21. axb3
Nc5 22. Kd2 Nxa4 23. bxa4 Qxa4 24. Bd3 a5 25. h6 Qa2 26. Rd6 Qb2 27. e5 b3 28.
Qe4 g6 29. Qf4 Rxc2+ 30. Ke3 Bf5 31. Bxf5 Re2+ 32. Kd3 Qc2+ 33. Kd4 gxf5 34. e6
Qd2+ 35. Qxd2 Rxd2+ 36. Ke5 Re2+ 37. Kxf5 Rxe6 38. Rd2 a4 39. Rhd1 Ree8 40. Rb2
Reb8 41. Ra1 a3 42. Rbb1 b2 43. Ra2 Rb3 44. f4 Rc8 45. Kf6 Kf8 46. f5 Rc5 47. g6
fxg6 0-1

[Event "22nd ch-EUR Indiv 2022"]
[Site "Terme Catez SLO"]
[Date "2022.03.31"]
[Round "5.150"]
[White "Kodric, Gasper"]
[Black "Vaupot, Luka"]
[Result "1/2-1/2"]
[WhiteElo "1787"]
[BlackElo "2083"]
[WhiteFideId "14625814"]
[BlackFideId "14627671"]
[EventDate "2022.03.27"]

1. c4 Nf6 2. g3 c6 3. Nf3 d5 4. d4 g6 5. Bg2 Bg7 6. O-O O-O 7. Qb3 Qb6 8. Nc3
Rd8 9. c5 Qxb3 10. axb3 Na6 11. Ra4 Nd7 12. b4 e5 13. dxe5 Nxe5 14. Bg5 Re8 15.
Rfa1 Nc4 16. Bc1 d4 17. Nd1 Bf5 18. b3 Bc2 19. bxc4 Bxd1 20. Rxa6 bxa6 21. Rxa6
Rxe2 22. Rxc6 Bb3 23. Bd2 Bxc4 24. Rd6 Re6 25. Rxe6 Bxe6 26. Nxd4 Rd8 27. Nxe6
Rxd2 28. Nxg7 Kxg7 29. Bb7 Rb2 30. c6 Rc2 31. h4 Kf6 32. Kg2 Ke5 33. Kf3 Kd6 34.
b5 Rb2 35. Ba6 Rb4 36. Ke3 Kc7 37. Kd3 Kb6 38. Kc3 Ra4 39. h5 Ra2 40. hxg6 hxg6
41. f4 Ra3+ 42. Kd4 Rxg3 43. Ke5 Rf3 44. Ke4 Rf2 45. Ke5 f5 46. Bb7 Rc2 47. Ba6
Rc4 48. Kf6 Rxf4 49. Kxg6 Rf2 50. Kg5 Rf1 51. c7 Kxc7 52. b6+ Kxb6 53. Bxf1 a5
54. Bc4 1/2-1/2

[Event "22nd ch-EUR Indiv 2022"]
[Site "Terme Catez SLO"]
[Date "2022.03.31"]
[Round "5.151"]
[White "Qorri, Fatmir"]
[Black "Franc, Borna"]
[Result "0-1"]
[WhiteElo "2031"]
[BlackElo "2013"]
[WhiteFideId "4702107"]
[BlackFideId "14555948"]
[EventDate "2022.03.27"]

1. e4 e5 2. Nf3 Nc6 3. d4 exd4 4. Nxd4 Bc5 5. Nxc6 Qf6 6. Qf3 bxc6 7. Be2 Qxf3
8. gxf3 Rb8 9. c3 d5 10. b3 Bd6 11. Be3 a5 12. Nd2 Ne7 13. c4 Be5 14. Rc1 d4 15.
Bg5 Ng6 16. Nf1 c5 17. Ng3 Bf4 18. Bxf4 Nxf4 19. Kd2 O-O 20. Bd1 Bd7 21. Ne2
Nxe2 22. Kxe2 f5 23. Rg1 Rbe8 24. Bc2 Bc6 25. Rg5 fxe4 26. fxe4 Bxe4 27. Bxe4
Rxe4+ 28. Kd3 Rh4 29. Rcg1 g6 30. R1g2 Rh3+ 31. R2g3 Rxg3+ 32. hxg3 Rf5 33. Rg4
Rxf2 34. Rg5 Rf5 35. Rg4 Re5 36. Kd2 g5 37. a3 h5 0-1

[Event "22nd ch-EUR Indiv 2022"]
[Site "Terme Catez SLO"]
[Date "2022.03.31"]
[Round "5.152"]
[White "Palczert, Miklos"]
[Black "Martinkus, Rolandas"]
[Result "0-1"]
[BlackTitle "FM"]
[WhiteElo "1770"]
[BlackElo "2033"]
[WhiteFideId "727938"]
[BlackFideId "12800481"]
[EventDate "2022.03.27"]

1. e4 e5 2. Nf3 Nc6 3. Bc4 Nf6 4. Ng5 d5 5. exd5 Nxd5 6. Nxf7 Kxf7 7. Qf3+ Ke6
8. Nc3 Nb4 9. Qe4 c6 10. d4 Kd7 11. a3 Nxc3 12. bxc3 Nd5 13. Bxd5 cxd5 14. Qxd5+
Ke8 15. Qb3 Qb6 16. dxe5 Be6 17. Qxb6 axb6 18. Be3 b5 19. O-O Kd7 20. f4 Rxa3
21. f5 Bc4 22. Rxa3 Bxa3 23. Ra1 Be7 24. g4 Kc6 25. g5 Re8 26. Re1 Bd8 27. Bf4
Ba5 28. Bd2 Kd5 29. e6 Bb6+ 30. Kg2 g6 31. Bf4 gxf5 32. Re5+ Kc6 33. Rxf5 Rxe6
34. h4 Ba5 35. Be5 Bd5+ 36. Kf2 Be4 37. Rf6 Kd5 38. Bd4 Rxf6+ 39. Bxf6 Bxc2 40.
Ke3 Bd1 41. Kd3 Bb6 42. Kd2 Bh5 43. Ke1 Kc4 44. Be5 Kd3 45. Bf6 Ba5 0-1

[Event "22nd ch-EUR Indiv 2022"]
[Site "Terme Catez SLO"]
[Date "2022.03.31"]
[Round "5.153"]
[White "Linnemann, Caspar"]
[Black "Kocharin, Timur"]
[Result "0-1"]
[WhiteElo "1773"]
[BlackElo "1760"]
[WhiteFideId "16200284"]
[BlackFideId "16240936"]
[EventDate "2022.03.27"]

1. e4 c5 2. Nf3 d6 3. d4 cxd4 4. Nxd4 Nf6 5. f3 e5 6. Nb3 a5 7. a4 Nc6 8. Bc4
Be7 9. Be3 O-O 10. O-O Nd7 11. Bd5 Nb6 12. c4 Nxd5 13. cxd5 Nb4 14. Nc3 Bg5 15.
Bxg5 Qxg5 16. Qd2 Qg6 17. Nb5 b6 18. Qe2 f5 19. Rac1 fxe4 20. fxe4 Bg4 21. Qe3
Rf4 22. Nc3 Raf8 23. Qg3 h5 24. Rxf4 exf4 25. Qh4 Bf3 26. Qh3 Bg4 27. Qh4 Qh6
28. h3 g5 29. Qf2 Nd3 30. Qxb6 Nxc1 31. Nxc1 f3 32. Qf2 fxg2 33. Qxg2 Bxh3 34.
Qxh3 g4 35. Qh4 Qxc1+ 36. Kg2 Qf1+ 0-1

[Event "22nd ch-EUR Indiv 2022"]
[Site "Terme Catez SLO"]
[Date "2022.03.31"]
[Round "5.154"]
[White "Pasti, Zsombor"]
[Black "Kuznetsova, Elyzaveta"]
[Result "1-0"]
[WhiteElo "1773"]
[BlackElo "1366"]
[WhiteFideId "799173"]
[BlackFideId "14189950"]
[EventDate "2022.03.27"]

1. e4 c6 2. d4 d5 3. exd5 cxd5 4. Bd3 Nf6 5. Bf4 Nc6 6. c3 e6 7. Nf3 Bd6 8. Be5
Bxe5 9. dxe5 Nd7 10. Qe2 h6 11. O-O O-O 12. Bc2 Re8 13. Re1 a6 14. Nbd2 b5 15.
a4 b4 16. c4 Nb6 17. Qd3 g6 18. a5 Nxc4 19. Nxc4 dxc4 20. Qxc4 Nxa5 21. Qxb4 Qc7
22. Ba4 Rd8 23. Rac1 Rb8 24. Qh4 Qb7 25. Qxd8+ 1-0

[Event "22nd ch-EUR Indiv 2022"]
[Site "Terme Catez SLO"]
[Date "2022.03.31"]
[Round "5.155"]
[White "Patt, Zafrir"]
[Black "Shevchenko, Matviei"]
[Result "1-0"]
[WhiteElo "1771"]
[BlackElo "1326"]
[WhiteFideId "2840170"]
[BlackFideId "14188678"]
[EventDate "2022.03.27"]

1. e4 e5 2. Nf3 Nc6 3. Bb5 a6 4. Ba4 d6 5. d4 b5 6. Bb3 Nxd4 7. Nxd4 exd4 8. Bd5
Rb8 9. Qxd4 Bd7 10. c3 c6 11. Bb3 c5 12. Qd1 c4 13. Bc2 Nf6 14. O-O Be7 15. h3
Qc8 16. Qf3 h6 17. Be3 O-O 18. Nd2 Re8 19. Rfe1 Bc6 20. Bd4 Qd7 21. Nf1 Nh7 22.
Ng3 Ng5 23. Qh5 Kh7 24. Bxg7 Kxg7 25. Nf5+ Kf6 26. e5+ Ke6 27. exd6+ Kd5 28.
Rad1+ Kc5 29. dxe7 Qa7 30. Nxh6 f6 31. h4 Ba8 32. hxg5 f5 33. Qg6 Qb7 34. Qd6# 1-0

[Event "22nd ch-EUR Indiv 2022"]
[Site "Terme Catez SLO"]
[Date "2022.04.01"]
[Round "6.1"]
[White "Kuzubov, Yuriy"]
[Black "Sargissian, Gabriel"]
[Result "1/2-1/2"]
[WhiteTitle "GM"]
[BlackTitle "GM"]
[WhiteElo "2639"]
[BlackElo "2681"]
[WhiteFideId "14112906"]
[BlackFideId "13300881"]
[EventDate "2022.03.27"]

1. e4 e5 2. Nf3 Nc6 3. Bb5 a6 4. Ba4 Nf6 5. O-O Be7 6. Re1 b5 7. Bb3 O-O 8. d3
d6 9. a3 Na5 10. Ba2 c5 11. Nc3 Be6 12. Bg5 c4 13. Nd2 Rc8 14. Nf1 Ng4 15. Bd2
Nf6 16. Ne3 Re8 17. Ncd5 cxd3 18. Bxa5 Qxa5 19. Qxd3 Qd8 20. Nxf6+ Bxf6 21. c3
g6 22. Red1 Rc6 23. Bd5 Rb6 24. a4 Bg5 25. a5 Rb8 26. Bxe6 Rxe6 27. Nd5 Qc8 28.
g3 Qb7 29. Ra2 Rc8 30. h4 Bh6 31. f3 Rf8 32. b4 Rc8 33. Rc2 Rc4 34. Kg2 Kg7 35.
Re1 Re8 36. Nb6 Rc6 37. Ree2 Re7 38. c4 bxc4 39. Rxc4 Rxc4 40. Qxc4 Rc7 41. Qd5
Rc6 42. Qa2 Rxb6 43. axb6 Qxb6 44. Qc4 a5 45. bxa5 Qxa5 46. Rb2 Qa8 47. Qd3 Qa1
48. Re2 Bc1 49. Qxd6 Bb2 50. Qd2 Bd4 51. Re1 Qa6 52. h5 gxh5 53. Qg5+ Qg6 54.
Qh4 Qh6 55. Rb1 Qa6 56. Qg5+ Qg6 57. Qe7 Qa6 58. Kh3 h6 59. Qb7 Qe6+ 60. Kg2
Qa2+ 61. Kh3 Qe6+ 62. Kh2 Qa2+ 63. Kh3 Qe6+ 64. Kg2 Qa2+ 1/2-1/2

[Event "22nd ch-EUR Indiv 2022"]
[Site "Terme Catez SLO"]
[Date "2022.04.01"]
[Round "6.2"]
[White "Can, Emre"]
[Black "Bluebaum, Matthias"]
[Result "0-1"]
[WhiteTitle "GM"]
[BlackTitle "GM"]
[WhiteElo "2578"]
[BlackElo "2642"]
[WhiteFideId "6302181"]
[BlackFideId "24651516"]
[EventDate "2022.03.27"]

1. e4 e6 2. d4 d5 3. Nc3 Nf6 4. Bg5 dxe4 5. Nxe4 Nbd7 6. Nf3 Be7 7. Nxf6+ Bxf6
8. h4 h6 9. Bxf6 Qxf6 10. Qd3 O-O 11. Qe3 b6 12. O-O-O Bb7 13. Be2 c5 14. g4
Rac8 15. g5 Qf5 16. c3 h5 17. Rhg1 g6 18. dxc5 Nxc5 19. Nd4 Qe4 20. Qxe4 Nxe4
21. f4 Rfd8 22. Bf3 Nc5 23. Bxb7 Nxb7 24. Kc2 Nd6 25. Rd3 Ne4 26. Re1 Nc5 27.
Rdd1 a6 28. Nf3 b5 29. Ne5 Kg7 30. b3 Kf8 31. c4 bxc4 32. bxc4 Ke8 33. Kc3 Ne4+
34. Kb4 Rb8+ 35. Ka5 Nd2 36. Ka4 Rb2 37. Ka3 Rdb8 38. Ra1 R8b4 39. Red1 a5 40.
Rac1 Nb1+ 41. Rxb1 Rxb1 42. Rd3 Rb7 43. c5 Rc1 44. c6 Rb4 45. Rb3 Rxb3+ 46. axb3
Ke7 47. Ka4 Rc5 48. b4 axb4 49. Kxb4 Kd6 50. Nxf7+ Kxc6 51. Nh8 Kd5 52. Nxg6 Rc1
53. Ne7+ Ke4 54. g6 Rg1 55. Kc5 Kxf4 56. Kd6 e5 57. Ke6 e4 58. Kf6 e3 59. g7 e2
60. Ng6+ Rxg6+ 61. Kxg6 e1=Q 62. g8=Q Qg3+ 63. Kh6 Qxg8 0-1

[Event "22nd ch-EUR Indiv 2022"]
[Site "Terme Catez SLO"]
[Date "2022.04.01"]
[Round "6.3"]
[White "Saric, Ivan"]
[Black "Jobava, Baadur"]
[Result "1/2-1/2"]
[WhiteTitle "GM"]
[BlackTitle "GM"]
[WhiteElo "2687"]
[BlackElo "2588"]
[WhiteFideId "14508150"]
[BlackFideId "13601520"]
[EventDate "2022.03.27"]

1. e4 c5 2. Nf3 e6 3. d4 cxd4 4. Nxd4 Nf6 5. Nc3 Nc6 6. Nxc6 bxc6 7. e5 Nd5 8.
Ne4 Qc7 9. f4 Qb6 10. a3 Be7 11. c4 Ne3 12. Qd3 Nxf1 13. Rxf1 c5 14. Bd2 Qxb2
15. Rb1 Qd4 16. Qxd4 cxd4 17. Bb4 Bb7 18. Nd6+ Bxd6 19. Bxd6 Be4 20. Rd1 d3 21.
g4 Rc8 22. c5 f5 23. exf6 gxf6 24. Kd2 Rg8 25. Rde1 f5 26. h3 Rc6 27. Rxe4 fxe4
28. Re1 Ra6 29. Rxe4 Rxa3 30. Rb4 h5 31. g5 Kf7 32. Rb7 Rc8 33. Rxd7+ Kg6 34. c6
Ra2+ 35. Kxd3 Rxc6 36. Be5 Ra5 37. Rg7+ Kf5 38. Rf7+ Kg6 39. Rg7+ Kf5 1/2-1/2

[Event "22nd ch-EUR Indiv 2022"]
[Site "Terme Catez SLO"]
[Date "2022.04.01"]
[Round "6.4"]
[White "Vocaturo, Daniele"]
[Black "Guseinov, Gadir"]
[Result "1/2-1/2"]
[WhiteTitle "GM"]
[BlackTitle "GM"]
[WhiteElo "2614"]
[BlackElo "2661"]
[WhiteFideId "813192"]
[BlackFideId "13401378"]
[EventDate "2022.03.27"]

1. e4 c5 2. Nf3 e6 3. d4 cxd4 4. Nxd4 Nf6 5. Nc3 Nc6 6. Ndb5 Bc5 7. Nd6+ Ke7 8.
Bf4 e5 9. Nf5+ Kf8 10. Bg5 d6 11. Bc4 Be6 12. Bb3 h6 13. Bxf6 Qxf6 14. O-O Bxf5
15. Nd5 Qg6 16. exf5 Qxf5 17. c3 Ne7 18. Kh1 Nxd5 19. Qxd5 g6 20. Qxb7 Kg7 21.
Rad1 a5 22. Qb5 Rhb8 23. Qe2 Ra7 24. Bd5 h5 25. Be4 Rxb2 26. Qxb2 Qxe4 27. Qd2
Rb7 28. f4 Be3 29. Qxd6 exf4 30. Qd5 f5 31. Qd8 Rb2 32. Qxa5 Qe6 33. Rd3 Rd2 34.
Rxd2 Bxd2 35. Rb1 Qe7 36. Rd1 Qe2 37. Rb1 Qe4 38. Rd1 1/2-1/2

[Event "22nd ch-EUR Indiv 2022"]
[Site "Terme Catez SLO"]
[Date "2022.04.01"]
[Round "6.5"]
[White "Indjic, Aleksandar"]
[Black "Shevchenko, Kirill"]
[Result "1/2-1/2"]
[WhiteTitle "GM"]
[BlackTitle "GM"]
[WhiteElo "2605"]
[BlackElo "2652"]
[WhiteFideId "911925"]
[BlackFideId "14129574"]
[EventDate "2022.03.27"]

1. d4 Nf6 2. c4 c6 3. Nf3 d5 4. Qb3 e6 5. Bg5 Nbd7 6. Nc3 h6 7. Bf4 a5 8. e3 a4
9. Qc2 a3 10. b3 Bb4 11. Bd3 Ne4 12. Bxe4 dxe4 13. Ne5 Nxe5 14. Bxe5 f6 15. Bg3
Qa5 16. Rc1 b6 17. O-O Bxc3 18. Qxc3 Qxc3 19. Rxc3 Kd7 20. f3 exf3 21. gxf3 Bb7
22. e4 Rhg8 23. Rd1 g5 24. b4 f5 25. Be5 g4 26. f4 fxe4 27. d5 cxd5 28. cxd5
Rgc8 29. dxe6+ Kxe6 30. Rd6+ Ke7 31. Rxb6 Bd5 32. Re3 Rc6 33. Rb7+ Ke6 34. Rh7
Bxa2 35. b5 Rc1+ 36. Kf2 Bd5 37. Rxh6+ Kf7 38. Rd6 Rc5 39. Rc3 Rxc3 40. Bxc3 Rc8
41. Bd4 Bb3 42. f5 a2 43. Ra6 Rc4 44. Ke3 Ba4 45. Ra7+ Ke8 46. Be5 Bxb5 47. Rxa2
Ra4 48. Rb2 Bc6 49. Bd4 Ra3+ 50. Kf4 g3 51. hxg3 Rf3+ 52. Ke5 Rxg3 53. Rb8+ Kf7
54. Bc5 Rg8 55. Rb6 Re8+ 56. Kf4 Rc8 57. Bd4 Ke7 58. Ra6 Bd7 59. Ra7 Kd6 60.
Be5+ Ke7 61. Kxe4 Ra8 62. f6+ Ke6 63. Rc7 Rc8 64. f7 Rf8 65. Ra7 Bc6+ 66. Kf4
Rxf7+ 67. Rxf7 Kxf7 1/2-1/2

[Event "22nd ch-EUR Indiv 2022"]
[Site "Terme Catez SLO"]
[Date "2022.04.01"]
[Round "6.6"]
[White "Santos Latasa, Jaime"]
[Black "Bjerre, Jonas Buhl"]
[Result "1/2-1/2"]
[WhiteTitle "GM"]
[BlackTitle "GM"]
[WhiteElo "2648"]
[BlackElo "2601"]
[WhiteFideId "2293307"]
[BlackFideId "1444948"]
[EventDate "2022.03.27"]

1. e4 e5 2. Nf3 Nf6 3. Nxe5 d6 4. Nf3 Nxe4 5. d4 d5 6. Bd3 Bd6 7. O-O O-O 8. Re1
Bf5 9. c4 c6 10. Qb3 Na6 11. cxd5 cxd5 12. Nc3 Nb4 13. Bxe4 dxe4 14. Bg5 Qb6 15.
Nxe4 Be6 16. Qa3 Rfe8 17. Nxd6 Qxd6 18. Bd2 a5 19. Bxb4 axb4 20. Qd3 Bd5 21. Nd2
Qg6 22. Rxe8+ Rxe8 23. Qxg6 hxg6 24. b3 Rc8 25. Nf1 Ra8 26. Nd2 Rc8 27. Nf1 Ra8
28. Nd2 1/2-1/2